Proceedings of the twenty-fourth annual ACM Symposium on the Theory of Computing : Victoria, British Columbia, Canada, May 4-6, 1992 /

Guardado en:
Autores Corporativos: ACM Symposium on Theory of Computing Victoria, British Columbia, Canadá), ACM Special Interest Group for Automata and Computability Theory.
Formato: Libro
Idioma:English
Publicado: New York : ACM Press, c1992.
Etiquetas: Agregar Etiqueta
Sin Etiquetas, Sea el primero en etiquetar este registro!
LEADER 00904nam a22001935a 4500
001 MAT.inmabb004930
008 080820s1992####nyua#####b####101#0#eng#d
005 20160510174856.0
245 1 0 |a Proceedings of the twenty-fourth annual ACM Symposium on the Theory of Computing :  |b Victoria, British Columbia, Canada, May 4-6, 1992 /  |c sponsored by the ACM Special Interest Group for Automata and Computability Theory. 
260 |a New York :  |b ACM Press,  |c c1992. 
300 |a ix, 784 p. :  |b il ;  |c 28 cm. 
504 |a Incluye referencias bibliográficas e índice de autores. 
020 |a 0897915119 (pbk.) 
020 |a 0897915127 
111 2 |a ACM Symposium on Theory of Computing  |n (24º :  |d 1992 :  |c Victoria, British Columbia, Canadá) 
710 2 |a ACM Special Interest Group for Automata and Computability Theory. 
084 |a 68-06  |2 msc2000 
084 |a 68Qxx  |2 msc2000 
859 |h 68  |i Ac184-24  |p A-7238  |b BIB. MATEMATICA